000 00928nam a2200265Ia 4500
003 OSt
005 20221005103801.0
006 a|||||r|||| 00| 0
007 ta
008 221004b |||||||| |||| 00| 0 hin d
024 _a108896
037 _cTextual
040 _aCRL
_cCRL
_bhin
041 _2hin
_ahin
082 _aO152,1N11:g, N7.5
100 _aसुरेश गौतम
245 0 _aसुनहरा गरूड़ अज्ञेय और प्रयोगवादी काव्य
246 _aSunaharā garūड़ ajnyeya aur prayogavādī kāvya
260 _aदिल्ली
_bआलोकपर्व प्रकाशन भारत
_c1997
300 _a222पृ0
_ccm.
490 _vभाग 5
650 _aहिन्दी साहित्य
942 _hO152,1N11:g, N7.5
_cTEXL
_2cc
999 _c1010905
_d1010905